000 00611nam a2200229Ia 4500
003 OSt
005 20220925222412.0
006 a|||||r|||| 00| 0
007 ta
008 220923b |||||||| |||| 00| 0 eng d
037 _cGeneral Book
040 _aRTL
_cRTL
_beng
041 _2eng
_aeng
082 _aW81.73.N7, L0
100 _aReich Charles A
_9287685
245 0 _aGreening of America
260 _aLondon
_bPenguin Press
_c1970
300 _a291p
_ccm.
650 _aRevolution
_9230303
942 _hW81.73.N7, L0
_cGB
_2CC
999 _c576950
_d576950